000
00334nam a2200145Ia 4500
005
20251222141929.0
008
251222s9999||||xx |||||||||||||| ||spa||
020
_a
950-701-338-5
082
_a
375.05/R44
100
_a
Resnick, Lauren B.
245
0
_a
CurrÃculum y Cognición
250
_a
3a. ed.
264
_b
Aique
942
_c
LIB
999
_c
8961
_d
8961